Review of international studies / (Record no. 11807)
[ view plain ]
| 000 -LEADER | |
|---|---|
| fixed length control field | 01033nam a22002177a 4500 |
| 008 - FIXED-LENGTH DATA ELEMENTS--GENERAL INFORMATION | |
| fixed length control field | 090611t xxu||||| |||| 00| 0 eng d |
| 022 ## - INTERNATIONAL STANDARD SERIAL NUMBER | |
| International Standard Serial Number | 02602105 |
| 082 ## - DEWEY DECIMAL CLASSIFICATION NUMBER | |
| Edition number | 22 |
| Classification number | 327.05 |
| Item number | REV |
| 245 ## - TITLE STATEMENT | |
| Title | Review of international studies / |
| Statement of responsibility, etc | British International Studies Association. |
| 260 ## - PUBLICATION, DISTRIBUTION, ETC. (IMPRINT) | |
| Place of publication, distribution, etc | London : |
| Name of publisher, distributor, etc | Cambridge University Press, |
| Date of publication, distribution, etc | c2008- |
| 300 ## - PHYSICAL DESCRIPTION | |
| Extent | vol. : |
| Other physical details | ill.; |
| Dimensions | 24 cm. |
| 310 ## - CURRENT PUBLICATION FREQUENCY | |
| Current publication frequency | Quarterly. |
| 650 #0 - SUBJECT ADDED ENTRY--TOPICAL TERM | |
| Topical term or geographic name as entry element | International relations |
| Form subdivision | Periodicals. |
| 9 (RLIN) | 6080 |
| 650 #0 - SUBJECT ADDED ENTRY--TOPICAL TERM | |
| Topical term or geographic name as entry element | International law |
| Form subdivision | Periodicals. |
| 9 (RLIN) | 6081 |
| 710 1# - ADDED ENTRY--CORPORATE NAME | |
| Corporate name or jurisdiction name as entry element | British International Studies Association. |
| 9 (RLIN) | 6082 |
| 856 ## - ELECTRONIC LOCATION AND ACCESS | |
| Record control number | http://journals.cambridge.org/action/displayJournal?jid=RIS |
| 942 ## - ADDED ENTRY ELEMENTS (KOHA) | |
| Source of classification or shelving scheme | Dewey Decimal Classification |
| Item type | Periodical | Journal (NB) |
| Serial record | 1 |
| Withdrawn status | Lost status | Damaged status | Not for loan | Location (home branch) | Sublocation or collection (holding branch) | Shelving location | Date acquired | Source of acquisition | Koha issues (times borrowed) | Koha full call number | Piece designation (barcode) | Koha date last seen | Price effective from | Koha item type |
|---|---|---|---|---|---|---|---|---|---|---|---|---|---|---|
| Central Library | Central Library | First floor | 11/06/2009 | Purchase | 327.05 REV | 000016597 | 25/07/2010 | 11/06/2009 | Periodical | Journal (NB) | |||||
| Central Library | Central Library | First floor | 11/06/2009 | Purchase | 327.05 REV | 000016598 | 25/07/2010 | 11/06/2009 | Periodical | Journal (NB) | |||||
| Central Library | Central Library | First floor | 11/06/2009 | Purchase | 327.05 REV | 000016599 | 25/07/2010 | 11/06/2009 | Periodical | Journal (NB) |